000 00293nam a22001337a 4500
008 171010b xxu||||| |||| 00| 0 eng d
020 _a9780205302260
041 _aeng
080 _a316
100 _a50
101 _aSOC
245 _aTHINKING ABOUT WOMEN
_cANDERSON, M.L
942 _2udc
_cBK
999 _c32897
_d32897